Development of psychological thought in India (Record no. 1444289)

MARC details
000 -LEADER
fixed length control field 00585nam a2200205Ia 4500
005 - DATE AND TIME OF LATEST TRANSACTION
control field 20250923144848.0
008 - FIXED-LENGTH DATA ELEMENTS--GENERAL INFORMATION
fixed length control field 008 250917s9999 xx 000 0 eng d
037 ## - SOURCE OF ACQUISITION
Stock number Textual
040 ## - CATALOGING SOURCE
Original cataloging agency DSWL
Language of cataloging eng
Transcribing agency DSWL
041 ## - LANGUAGE CODE
Language code of text/sound track or separate title eng
Source of code eng
084 ## - COLON CLASSIFICATION NUMBER
Classification number Sv2, K2
Assigning agency DSWL
100 ## - MAIN ENTRY--PERSONAL NAME
Personal name Rao, S.K. Ramchandra
9 (RLIN) 829173
245 #0 - TITLE STATEMENT
Title Development of psychological thought in India
Statement of responsibility, etc. by S.K.Ramchandra Rao
260 ## - PUBLICATION, DISTRIBUTION, ETC.
Place of publication, distribution, etc. Mysore
Name of publisher, distributor, etc. Kavyalaya Publishers
Date of publication, distribution, etc. 1962
300 ## - PHYSICAL DESCRIPTION
Extent 225p.
365 ## - TRADE PRICE
Price type code USD
Price amount 4
925 ## -
-- 4
942 ## - ADDED ENTRY ELEMENTS (KOHA)
Koha item type Textual
Classification part Sv2, K2
Holdings
Withdrawn status Lost status Damaged status Not for loan Home library Current library Date acquired Total Checkouts Full call number Barcode Date last seen Price effective from Koha item type
        Department of Social Work Library Department of Social Work Library 2025-09-23   Sv2, K2 SW0008986 2025-09-23 2025-09-23 Textual
Copyright @ Delhi University Library System